|
|
|
|
| LEADER |
00000nam0a2200000 4500 |
| 001 |
289646 |
| 005 |
20231102000216.0 |
| 035 |
|
|
|a (RuTPU)RU\TPU\book\314157
|
| 035 |
|
|
|a RU\TPU\book\59211
|
| 090 |
|
|
|a 289646
|
| 100 |
|
|
|a 20030929d1972 m y0rusy50 ca
|
| 101 |
0 |
|
|a rus
|
| 102 |
|
|
|a RU
|
| 105 |
|
|
|a a j 001zy
|
| 200 |
1 |
|
|a Радиоприемные устройства
|e учебник для техникумов
|f В. Ф. Баркан, В. К. Жданов
|
| 205 |
|
|
|a 4-е изд., перераб. и доп.
|
| 210 |
|
|
|a Москва
|c Советское радио
|d 1972
|
| 215 |
|
|
|a 576 с.
|c ил.
|
| 320 |
|
|
|a Библиогр.: с. 571-572
|
| 453 |
|
1 |
|0 (RuTPU)RU\TPU\retro\16210
|t Радиоприемные устройства
|l Radio Receivers
|f В. Ф. Баркан, В. К. Жданов
|c Москва
|n Мир
|d 1973
|p 503 с.
|a Баркан, В. Ф.
|
| 606 |
1 |
|
|a Радиоприем
|2 stltpush
|3 (RuTPU)RU\TPU\subj\22946
|9 47618
|
| 610 |
1 |
|
|a радиотехника
|
| 610 |
1 |
|
|a радиоприемные устройства
|
| 610 |
1 |
|
|a радиоприемники
|
| 610 |
1 |
|
|a усилители низкой частоты
|
| 610 |
1 |
|
|a усилители звуковой частоты
|
| 610 |
1 |
|
|a детектирование
|
| 610 |
1 |
|
|a регенеративный прием
|
| 610 |
1 |
|
|a помехи
|
| 610 |
1 |
|
|a радиолокационные приемники
|
| 610 |
1 |
|
|a видеоусилители
|
| 610 |
1 |
|
|a учебники
|
| 675 |
|
|
|a 621.396.62(075.32)
|v 3
|
| 700 |
|
1 |
|a Баркан
|b В. Ф.
|g Виталий Фишелевич
|
| 701 |
|
1 |
|a Жданов
|b В. К.
|g Василий Константинович
|
| 801 |
|
1 |
|a RU
|b 63413507
|c 20150402
|
| 801 |
|
2 |
|a RU
|b 63413507
|c 20220926
|g RCR
|
| 942 |
|
|
|c BK
|